00571 a2200145 4500003000500000005001700005040000900022082001300031245005100044260001300095300001200108505027500120650001900395651001100414Nust20170207154035.0 cNust a621.3822 aDevices and basic circuits (Part-I) - (E-BOOK) aNew York a1648 p. aChapter 1 Signals And Amplifiers(Page-4), Chapter 2 Operational Amplifiers (Page-52), Chapter 3 Semiconductors (Page-124), Chapter 4 Diodes (Page-164), Chapter 5 Mos Field-Effect Transistors (Mosfets) (Page-230), Chapter 6 Bipolar Junction Transistors (Bjts) (Page-350). aBasic circuits aE-BOOK